| 000 | 01016nam a2200265 a 4500 | ||
|---|---|---|---|
| 001 | 659 | ||
| 003 | BR-CuiBMT | ||
| 005 | 20231113211200.0 | ||
| 008 | 231101s2020 mgba 000 0 por d | ||
| 020 | _a9786555180435 | ||
| 040 |
_aBR-CuiBMT _cBR-CuiBMT |
||
| 080 |
_a34:004.738.5 _22007 |
||
| 090 |
_a34:004.738.5 _bL525 |
||
| 245 | 1 | 0 |
_aLei geral de proteção de dados : _bestudos sobre um novo cenário de governança corporativa / _cRodrigo Pironti, coordenador ; prefácio Marcelo M. Bertoldi ; [autores, Ana Maria Silveira Sasso Gomes ... et al.]. |
| 260 |
_aBelo Horizonte: _bFórum, _cc2020. |
||
| 300 |
_a254 p. ; _bil. : _c22 cm |
||
| 504 | _aInclui bibliografia. | ||
| 590 | _8A biblioteca possui a 1. reimpr. de 2021. | ||
| 650 |
_aProteção de dados _zBrasil |
||
| 650 |
_aDireito privado _vLegislação _zBrasil |
||
| 650 |
_aDireito público _zBrasil |
||
| 700 | 1 |
_aCastro, Rodrigo Pironti Aguirre de, _d1981- _4Org. |
|
| 700 | 1 |
_aGomes, Ana Maria Silveira Sasso, _4et al. _4autores |
|
| 942 |
_2udc _cLV |
||
| 999 |
_c659 _d659 |
||